| 000 | 00000nam##2200000za#4500 |
| 001 | 9.630730 |
| 003 | CaOODSP |
| 005 | 20210624214000 |
| 007 | cr ||||||||||| |
| 008 | 150407|2000||||xxc|||||o f|0| 0 fre|d |
| 020 | |a0-662-86202-3 |
| 040 | |aCaOODSP|bfre |
| 043 | |an-cn--- |
| 086 | 1 |aE2-218/2000F-IN |
| 110 | 1 |aCanada.|bAffaires étrangères et Commerce international. |bCentre canadien pour le développement de la politique étrangère. |
| 245 | 10|aRapport de la table ronde: le déploiement d'experts dans les opérations internationales de paix (12 septembre 2000, Ottawa, Ontario) / |h[ressource électronique]|cMarketa Geislerova. |
| 260 | |aOttawa - Ontario : |bAffaires étrangères et Commerce international. |c[2000]. |
| 300 | |a12p. |
| 590 | |a02-33|b2002-08-16 |
| 691 | 07|aForces de maintien de la paix|2gcpds |
| 691 | 07|aPolitique étrangère|2gcpds |
| 720 | 1 |aGeislerova, Marketa |
| 775 | 08|tReport from the Roundtable on Expert Deployment to International Peace Operations, 12 September 2000 (Ottawa) |w(CaOODSP)9.686017 |
| 776 | 0#|tRapport de la table ronde: le déploiement d'experts dans les opérations internationales de paix / |w(CaOODSP)9.681620 |
| 856 | 40|ahttp://publications.gc.ca|qPDF|s1 Ko|uhttps://publications.gc.ca/collections/Collection/E2-218-2000F.pdf |
| 986 | |a1006.12F |